| 000 | 02335nam0a2200445 4500 | ||
|---|---|---|---|
| 001 | RU\NLR\bibl\1864448 | ||
| 005 | 20260405141503.0 | ||
| 010 | _a978-5-397-02554-6 | ||
| 021 |
_aRU _b2011-104325 _97469 |
||
| 035 | _a(nilc)RSL-KNO-005372445 | ||
| 035 | _a(NLR Aleph) 001854331 | ||
| 090 |
_a2445091 _c2445091 |
||
| 100 | _a20120110d2011 |||y0rusy50 ca | ||
| 101 | 0 | _arus | |
| 102 | _aRU | ||
| 105 | _aa zzzz||||| | ||
| 200 | 1 |
_aАналитические поверхности в архитектуре зданий, конструкций и изделий _e[примеры реальных сооружений. конструкций и изделий и расчеты соответствующих тонкостенных конструкций на прочность, устойчивость и динамику, исключительные возможности ряда аналитических поверхностей, обширная библиография по геометрии, расчету и применению каждого рассмотренного класса поверхностей] _fС. Н. Кривошапко, И. А. Мамиева |
|
| 210 |
_aМосква _cURSS _cЛиброком _d2011 |
||
| 215 |
_a328 с. _cил. _d22 |
||
| 300 | _aНа 4-й с. обл. 1-й авт.: С.Н. Кривошапко - проф. | ||
| 320 | _aБиблиогр. в конце гл. | ||
| 606 | 1 |
_aАналитические поверхности _92043445 _3RU\NLR\auth\661226277 |
|
| 606 | 1 |
_aТонкостенные оболочки _xРасчет на прочность _92358657 _3RU\NLR\auth\661408654 |
|
| 606 | 1 |
_aАрхитектура _z20 - 21 вв. _92395627 _3RU\NLR\auth\661428355 |
|
| 686 |
_aВ251.64,0 _2rubbk |
||
| 686 |
_aН442.46,0 _2rubbk |
||
| 686 | _aВ181.13 | ||
| 686 | _aВ181.221.2 | ||
| 686 | _aВ251.64-6 | ||
| 686 | _aЩ11 | ||
| 700 | 1 |
_4070 _8rus _7ca _aКривошапко _bС. Н. _gСергей Николаевич _3RU\NLR\auth\7757546 _940478 |
|
| 701 | 1 |
_aМамиева _bИ. А. _gИраида Ахсарбеговна _4070 |
|
| 801 | 0 |
_aRU _bRuMoRKP _c20120110 _grcr |
|
| 801 | 1 |
_aRU _bРГБ _c20120110 |
|
| 801 | 2 |
_aRU _bNLR _c20120203 _grcr |
|
| 830 | _aавт7 по кн. | ||
| 942 | _cBOOK | ||
| 980 | _aNB | ||